000 00535nam a2200193Ia 4500
005 20250508152404.0
008 008 250505s9999 xx 000 0 hin d
037 _aTextual
040 _aFEDL
_beng
_cFEDL
041 _ahin
_2hin
084 _a891.43, SHA
_qFEDL
100 _aSharma Harvansh Lal
245 0 _aBihari aur unka sahitya
260 _aAligarh, India
_bBharat Prakashan Mandir
300 _a336p
700 _a Parmanand Shastri
_9761344
942 _cTEXL
_h891.43, SHA
999 _c1336116
_d1336116